00672 2200181 4500245004200000020002200042250001200064100001400076700001400090650001700104005001900121260003700140041001400177084000800191300002900199500025300228336000900481 aSunset Bersama RosiecTere LiyehText a978-602-98883-6-2 aCet. 13 aTere Liye aAndriyati aNovel Remaja a20240125101816 aJakartabMahaka Publishingc2015 aIndonesia a813 aiv, 426 hlm. :c20.5 cm. apengorbanan memiliki harga dan batsan. karena kita lakukan hanya untuk sesuatu yang amat spesial di waktu yang juga spesial. Novel ini ditulis hanya untuk menyediakan pengertian yang berbeda, melalui sebuah kisah keluarga hebat di pantai yang elok. atext